000
00296nam a22001337a 4500
008
170907b xxu||||| |||| 00| 0 eng d
020
_a
9781426203367
041
_a
eng
080
_a
91
100
_a
42
101
_a
GJEO
245
_a
SACRED PLACES OF A LIFETIME
_c
BELLOWS,K
942
_2
udc
_c
BK
999
_c
26587
_d
26587